Estatísticas para Signos zodíacos

Clique aqui para jogar o quiz

Estatísticas Gerais

  • Esse quiz foi jogado 29 vezes
  • A pontuação média é 9 de 12

Estatísticas das Respostas

HintResposta% Correto
19 de Fevereiro a 20 de MarçoPeixes
96%
21 de Abril a 21 de MaioTouro
96%
21 de Janeiro a 18 de FevereiroAquário
92%
22 de Dezembro a 20 de JaneiroCapricórnio
88%
22 de Maio a 21 de JunhoGémeos
88%
23 de Julho a 22 de AgostoLeão
88%
23 de Agosto a 22 de SetembroVirgem
88%
23 de Outubro a 21 de NovembroEscorpião
83%
22 de Novembro a 21 de DezembroSagitário
83%
23 de Setembro a 22 de OutubroBalança
38%
22 de Junho a 22 de JulhoCaranguejo
29%
21 de Março a 20 de AbrilCarneiro
25%

Distribuição das Pontuações

Percentil de Números Respondidos

Porcentagem de Pessoas com Cada Pontuação

Sua Pontuação Histórica

Você não jogou esse quiz